Southville International School and Colleges
Your cart is empty.
  • Cart
  • Lists
    Public lists Eva Luna New books Lux_list list_1
    Your lists Log in to create your own lists
  • Log in to your account
  • Your cookies
  • Search history
Southville International School and Colleges
  • Advanced search
  • Recent comments
  • Most popular
  • Libraries

Log in to your account

Log in with GOOGLE


If you do not have an external account, but do have a local account, you can still log in:

  1. Home
  2. MARC view: Hey, diddle diddle /
Normal view MARC view ISBD view

Hey, diddle diddle / (Record no. 104555)

[ view plain ]
MARC details
000 -LEADER
fixed length control field 00609nam a2200181 a 4500
005 - DATE AND TIME OF LATEST TRANSACTION
control field 20140412111325.0
008 - FIXED-LENGTH DATA ELEMENTS--GENERAL INFORMATION
fixed length control field 000818s19uu xx 00 eng d
020 ## - INTERNATIONAL STANDARD BOOK NUMBER
International Standard Book Number 1-58089-007-5
050 ## - LIBRARY OF CONGRESS CALL NUMBER
Classification number TR(PS E
Item number He34 1997
100 ## - MAIN ENTRY--PERSONAL NAME
Personal name Eagle, Kin
245 ## - TITLE STATEMENT
Title Hey, diddle diddle /
Statement of responsibility, etc Kin Eagle ; illustrated by Roby Gilbert.
260 ## - PUBLICATION, DISTRIBUTION, ETC. (IMPRINT)
Place of publication, distribution, etc Dallas, TX :
Name of publisher, distributor, etc Whispering Coyote Press,
Date of publication, distribution, etc 1997.
300 ## - PHYSICAL DESCRIPTION
Extent 1 v. (unp.) ; ill.
520 ## - SUMMARY, ETC.
Summary, etc This nonsense tale continues the story of the traditional rhyme in which the cow jumps over the moon.
650 ## - SUBJECT ADDED ENTRY--TOPICAL TERM
Topical term or geographic name as entry element Cows-Fiction
650 ## - SUBJECT ADDED ENTRY--TOPICAL TERM
Topical term or geographic name as entry element Stories in rhyme
Holdings
Withdrawn status Lost status Damaged status Home library Current library Shelving location Date acquired Source of acquisition Cost, normal purchase price Total Checkouts Full call number Barcode Date last seen Price effective from Koha item type
      Elizalde Library Elizalde Library Teachers Reference Section 08/18/2000   263.00   TR(PS E He34 1997 E8227 04/12/2014 04/12/2014 Books

Hey, diddle diddle /

APA

Eagle K., . (1997). Hey, diddle diddle. Dallas, TX: Whispering Coyote Press.

Chicago

Eagle Kin, . 1997. Hey, diddle diddle. Dallas, TX: Whispering Coyote Press.

Harvard

Eagle K., . (1997). Hey, diddle diddle. Dallas, TX: Whispering Coyote Press.

MLA

Eagle Kin, . Hey, diddle diddle. Dallas, TX: Whispering Coyote Press. 1997.

  • Place hold
  • Print
  • Cite
  • Add to your cart (remove)
  • Save record
    BIBTEX Dublin Core MARCXML MARC (non-Unicode/MARC-8) MARC (Unicode/UTF-8) MARC (Unicode/UTF-8, Standard) MODS (XML) RIS
  • More searches
    Search for this title in:
    Other Libraries (WorldCat) Other Databases (Google Scholar) Online Stores (Bookfinder.com) Open Library (openlibrary.org)

Exporting to Dublin Core...

SOUTHVILLE LIBRARY

Southville International School and Colleges Library

1281 Tropical Ave. Cor. Luxembourg St., BF Homes International, Las Pinas City

Tel. No. 8256374 / 252358 Loc. 117/146

Powered by Koha